Servicios para brindar confiabilidad sobre información contable social y ambiental (Registro nro. 9183)

Detalles MARC
000 -LEADER
fixed length control field 00433 a2200121 4500
001 - CONTROL NUMBER
control field ART_7740
005 - DATE AND TIME OF LATEST TRANSACTION
control field 20260410161555.0
008 - FIXED-LENGTH DATA ELEMENTS--GENERAL INFORMATION
fixed length control field 260409a
100 1# - MAIN ENTRY--PERSONAL NAME
Personal name Canetti, Miguel Marcelo
245 10 - TITLE STATEMENT
Title Servicios para brindar confiabilidad sobre información contable social y ambiental
700 1# - ADDED ENTRY--PERSONAL NAME
Personal name Rodríguez de Ramírez, María del Carmen
773 0# - HOST ITEM ENTRY
Title Profesional & Empresaria
Related parts - Año X, Nº 111 (dic. 2008)
Record control number REV70

No hay ítems disponibles.